Návrh komplexného využitia výpočtovej techniky v procese plánovania vo VHJ ZTS kandidátska dizertačná práca

Uložené v:
Podrobná bibliografia
Hlavný autor: Vojtko, Ján
Korporativný autor: Vysoká škola ekonomická v Bratislave
Ďalší autori: Jeníček, Milan
Médium: Kniha
Jazyk:Slovak
Vydavateľské údaje: Bratislava 1989
Tagy: Pridať tag
Žiadne tagy, Buďte prvý, kto otaguje tento záznam!

MARC

LEADER 00000nam a2200000 4500
001 c040763
005 20221215070949.9
041 0 |a slo 
044 |a SK 
245 1 0 |a Návrh komplexného využitia výpočtovej techniky v procese plánovania vo VHJ ZTS  |b kandidátska dizertačná práca  |c Ján Vojtko ; ved. práce M. Jeníček 
264 1 |a Bratislava  |c 1989 
300 |a 204 s. 
100 1 |a Vojtko, Ján 
700 1 |a Jeníček, Milan 
710 2 |a Vysoká škola ekonomická v Bratislave